000
00329 a2200157 4500
001
56750
020
_a
8585763949
040
_c
Anchieta - Pituba
100
_a
Ferreira, Elita
240
1
0
_a
Escravos de Jó
_l
por
245
1
0
_a
Escravos de Jó
300
_a
94
362
0
_a
1997
650
4
_a
Literatura juvenil
942
_c
BK
999
_c
56750
_d
56750